Prístup k budovaniu automatizovaných systémov riadenia podnikov fakultná výskumná úloha
Salvato in:
| Autore principale: | |
|---|---|
| Natura: | Libro |
| Lingua: | slovacco |
| Pubblicazione: |
Bratislava
Vysoká škola ekonomická
1975
|
| Tags: |
Nessun Tag, puoi essere il primo ad aggiungerne!!
|
MARC
| LEADER | 00000nam$a2200000$$$4500 | ||
|---|---|---|---|
| 001 | 0111856 | ||
| 005 | 20260325100354.3 | ||
| 041 | 0 | |a slo | |
| 044 | |a SK | ||
| 245 | 1 | 0 | |a Prístup k budovaniu automatizovaných systémov riadenia podnikov |b fakultná výskumná úloha |c Štefan Čarnický |
| 264 | 1 | |a Bratislava |b Vysoká škola ekonomická |c 1975 | |
| 300 | |a 65 s. | ||
| 100 | 1 | |a Čarnický, Štefan | |